000 00567nam a22001937a 4500
005 20171129141913.0
010 _aENG-121667
020 _a9789386367655
_c695.00
035 _aEN-105199
037 _bAlpna Edition
_adpl
037 _bDBAD/PUB
082 _aS
100 _aPatten, William
245 _aThe junior classics :
_cby William Patten
_bstories that never grow old /
260 _aNew Delhi
_bAlpna Edition
_c2017
270 _a2/41, Ansari Road, Darya Ganj,
_bNew Delhi
_e110002
300 _avii,454p.
_c23cm(pbk)
942 _2ddc
_cEN
_mPAT
_hS
999 _c147796
_d147796